000 00773nac a22002777a 4500
001 BR6002965
003 BR-BrBNA
005 20240105113049.0
008 230509b bl.|||m| |||| 00| 0 por d
040 _aBR-BrBNA
_bpor
_cBiblioteca Nacional de Agricultura
072 _aL00; L10
090 _a5240 BR6002965
100 1 _aPinheiro Junior, G.C.
245 1 _aOvinos no Brasil
260 3 _aSao Paulo, SP (Brasil):
_bChacaras e Quintais,
_c1939.
300 _a160 p.
490 _aBiblioteca Agricola Popular Brasileira (Brazil)
_v
_x
650 _aOVINO
650 _aMORFOLOGIA ANIMAL
650 _aLA
650 _aCRIACAO
650 _aHIGIENE VETERINARIA
650 _aRACA
909 _a202312
_bLúcia Elande
_c55
_dLúcia Elande
942 _2AGRIS
_n0
_cMS
999 _c261690
_d261690